Online katalóg knižníc regiónu Turca

Kúpte si družičku! (Record no. 21053)

MARC details
000 -LEADER
fixed length control field 01966cam a2200517 4500
001 - CONTROL NUMBER
control field 21053
003 - CONTROL NUMBER IDENTIFIER
control field VRT
005 - DATE AND TIME OF LATEST TRANSACTION
control field 20260211121603.0
008 - FIXED-LENGTH DATA ELEMENTS--GENERAL INFORMATION
fixed length control field 200316s2018 xo a c 000 f slo
015 ## - NATIONAL BIBLIOGRAPHY NUMBER
National bibliography number SNBA2018/08
020 ## - INTERNATIONAL STANDARD BOOK NUMBER
International Standard Book Number 9788055631943
Qualifying information (brožované)
035 ## - SYSTEM CONTROL NUMBER
System control number urn:nbn:sk:snk-am00dj24
035 ## - SYSTEM CONTROL NUMBER
System control number urn:nbn:sk:snk-am3i3vp
035 ## - SYSTEM CONTROL NUMBER
System control number 8AA43A5E-1C53-4C1C-B887-943AFA374B10
039 #9 - LEVEL OF BIBLIOGRAPHIC CONTROL AND CODING DETAIL [OBSOLETE]
Level of rules in bibliographic description 202003160934
Level of effort used to assign nonsubject heading access points VLOAD
Level of effort used to assign subject headings 201808280704
Level of effort used to assign classification msnk24
Level of effort used to assign subject headings 201808271030
Level of effort used to assign classification msnk24
Level of effort used to assign subject headings 201808011033
Level of effort used to assign classification msnk04
040 ## - CATALOGING SOURCE
Original cataloging agency ZKSE
Language of cataloging slo
Transcribing agency ZKSE
Modifying agency SNK
Description conventions rda
041 1# - LANGUAGE CODE
Language code of text/sound track or separate title slo
Language code of original eng
044 ## - COUNTRY OF PUBLISHING/PRODUCING ENTITY CODE
MARC country code xo
ISO country code SK
072 #7 - SUBJECT CATEGORY CODE
Subject category code 821.111-3
Subject category code subdivision Anglická próza, anglicky písaná
Source konspekt
072 #7 - SUBJECT CATEGORY CODE
Subject category code 821-93
Subject category code subdivision Literatúra pre deti a mládež (beletria)
Source konspekt
080 ## - UNIVERSAL DECIMAL CLASSIFICATION NUMBER
Universal Decimal Classification number 821.111-3 1
Edition identifier 2011
080 ## - UNIVERSAL DECIMAL CLASSIFICATION NUMBER
Universal Decimal Classification number 821-93-053.2
Edition identifier 2011
080 ## - UNIVERSAL DECIMAL CLASSIFICATION NUMBER
Universal Decimal Classification number 82-31
Edition identifier 2011
100 1# - MAIN ENTRY--PERSONAL NAME
Personal name Wilson, Jacqueline,
Dates associated with a name 1945-
Relationship aut
240 10 - UNIFORM TITLE
Uniform title Rent a bridesmaid
Language of a work Slovensky
245 10 - TITLE STATEMENT
Title Kúpte si družičku!
Statement of responsibility, etc. Jaqueline Wilsonová ; ilustroval Nick Sharratt ; z anglického originálu Rent a bridesmaid ... preložila Soňa Geer
264 #1 - PRODUCTION, PUBLICATION, DISTRIBUTION, MANUFACTURE, AND COPYRIGHT NOTICE
Place of production, publication, distribution, manufacture Bratislava
Name of producer, publisher, distributor, manufacturer Slovart
Date of production, publication, distribution, manufacture, or copyright notice 2018
300 ## - PHYSICAL DESCRIPTION
Extent 300 strán
Other physical details čiernobiele ilustrácie
Dimensions 19 cm
336 ## - CONTENT TYPE
Content type term text
Content type code txt
Source rdacontent
337 ## - MEDIA TYPE
Media type term bez média
Media type code n
Source rdamedia
338 ## - CARRIER TYPE
Carrier type term zväzok
Carrier type code nc
Source rdacarrier
655 #7 - INDEX TERM--GENRE/FORM
Genre/form data or focus term anglické romány
Source of term SNKPH
655 #7 - INDEX TERM--GENRE/FORM
Genre/form data or focus term publikácie pre deti
Source of term SNKPH
655 #7 - INDEX TERM--GENRE/FORM
Genre/form data or focus term English fiction
Source of term SNKPHeng
655 #7 - INDEX TERM--GENRE/FORM
Genre/form data or focus term Children's literature
Source of term SNKPHeng
655 #7 - INDEX TERM--GENRE/FORM
Genre/form data or focus term dievčenské romány
Source of term SNKPH
655 #7 - INDEX TERM--GENRE/FORM
Genre/form data or focus term Girls' novels
Source of term SNKPHeng
700 1# - ADDED ENTRY--PERSONAL NAME
Personal name Sharratt, Nick
Relationship ill
700 1# - ADDED ENTRY--PERSONAL NAME
Personal name Greer, Soňa
Relationship trl
942 ## - ADDED ENTRY ELEMENTS (KOHA)
Source of classification or shelving scheme Dewey Decimal Classification
Koha item type Krásna literatúra pre deti
Suppress in OPAC No
949 ## - LOCAL PROCESSING INFORMATION (OCLC)
6 270001000590240
a svkbbA 154637
b svkbbm 777211
949 ## - LOCAL PROCESSING INFORMATION (OCLC)
6 273K0634534
a svkpoA 239384
b svkpo627925
949 ## - LOCAL PROCESSING INFORMATION (OCLC)
6 17A1334270
a snkSD 87505
b snk2018/16290
o 1599/18
s 6100:20180828
949 ## - LOCAL PROCESSING INFORMATION (OCLC)
6 17A1334271
a snkSD 87505 D1
b snk2018/16291
o 1599/18
949 ## - LOCAL PROCESSING INFORMATION (OCLC)
6 2889340414
a savukPV 26503
b savuk2018/2812
Holdings
Stav vyradenia Strata Poškodenie Spôsob nadobudnutia Domovská knižnica Aktuálna knižnica Dátum nadobudnutia Total checkouts Čiarový kód exemplára Date last seen Date last checked out Typ exemplára
      Dar Mestská knižnica Turany Mestská knižnica Turany 11.02.2026 1 4712401288 13.03.2026 20.02.2026 Krásna literatúra pre deti
Projekt je podporený Slovenskou asociáciou knižníc
Prevádzkuje Turčianska knižnica Martin 2026